000 00374nam a2200157Ia 4500
008 230605s2006 xx 000 0 und d
041 _aeng
100 _aGaps
245 _aStrategic Management For Tourism Communities
260 _bViva books Mumbai
_c2006
_c2006
300 _a448
365 _b396
_h20
500 _a261
520 _aGeneral
650 _aSTRATEGIC
999 _c418206
_d418206